MARC details
| 000 -CABECERA |
| campo de control de longitud fija |
02571cam a22004215i 4500 |
| 001 - NÚMERO DE CONTROL |
| campo de control |
24163968 |
| 005 - FECHA Y HORA DE LA ÚLTIMA TRANSACCIÓN |
| campo de control |
20250523065018.0 |
| 008 - DATOS DE LONGITUD FIJA--INFORMACIÓN GENERAL |
| campo de control de longitud fija |
250421t20192019enka e 000 j eng d |
| 010 ## - NÚMERO DE CONTROL DE LA BIBLIOTECA DEL CONGRESO |
| Número de control de LC |
2025398293 |
| 020 ## - NÚMERO INTERNACIONAL ESTÁNDAR DEL LIBRO |
| Número Internacional Estándar del Libro |
9781529302929 |
| 035 ## - NÚMERO DE CONTROL DEL SISTEMA |
| Número de control de sistema |
(OCoLC)on1142508510 |
| 040 ## - FUENTE DE LA CATALOGACIÓN |
| Centro/agencia transcriptor |
tbs |
| 041 0# - CÓDIGO DE LENGUA |
| Código de lengua del texto/banda sonora o título independiente |
tur |
| -- |
eng |
| 100 ## - ENTRADA PRINCIPAL--NOMBRE DE PERSONA |
| Nombre de persona |
Richards, Olly |
| Término indicativo de función/relación |
author |
| 9 (RLIN) |
12403 |
| 245 10 - MENCIÓN DE TÍTULO |
| Título |
Short stories in Turkish |
| Resto del título |
: read for pleasure at your level and learn Turkish the fun way! |
| Mención de responsabilidad, etc. |
/ Olly Richards ; series editor Rebecca Moeller ; development editor H. Inci Abrook. |
| 246 1# - FORMA VARIANTE DE TÍTULO |
| Texto de visualización |
At head of title: |
| Título propio/Titulo breve |
Teach yourself |
| 246 14 - FORMA VARIANTE DE TÍTULO |
| Título propio/Titulo breve |
Short stories in Turkish for beginners |
| 260 ## - PUBLICACIÓN, DISTRIBUCIÓN, ETC. |
| Lugar de publicación, distribución, etc. |
London : |
| Nombre del editor, distribuidor, etc. |
John Murray Learning, |
| Fecha de publicación, distribución, etc. |
2019. |
| 300 ## - DESCRIPCIÓN FÍSICA |
| Extensión |
xiv, 208 pages : |
| Otras características físicas |
illustrations ; |
| Dimensiones |
20 cm |
| 490 ## - MENCIÓN DE SERIE |
| Mención de serie |
Foreign language graded reader series |
| 490 ## - MENCIÓN DE SERIE |
| Mención de serie |
Teach yourself |
| 505 0# - NOTA DE CONTENIDO CON FORMATO |
| Nota de contenido con formato |
How to read effectively — The six-step reading process — Çilgin Döner — Olağan Dişi Bir Gezi — Şövalye — Saat — Sandik — Bilinmeyen Ülke — Gorunmez Kadin Leman — Kapsül — Answer key — Turkish-English glossary. |
| 505 0# - NOTA DE CONTENIDO CON FORMATO |
| Nota de contenido con formato |
Mapped to A2-B1 on the Common European Framework of Reference — A glossary for bolded words in each text — A bilingual word list — Full plot summary — Comprehension questions after each chapter. |
| 520 ## - SUMARIO, ETC. |
| Sumario, etc. |
Short Stories in Turkish for Beginners is designed for A2-B1 learners, offering eight engaging stories across genres like science fiction, crime, and history to make learning Turkish fun and rewarding. The book uses controlled language, authentic dialogues, and accessible grammar to build vocabulary and speaking skills with confidence. Helpful features—such as glossaries, bilingual word lists, plot summaries, and comprehension questions—support natural, stress-free learning. It’s a motivating resource that makes reading in Turkish enjoyable, without feeling overwhelmed. |
| 546 ## - NOTA DE LENGUA/LENGUAJE |
| Nota de lengua/lenguaje |
In Turkish and English. |
| 650 #0 - PUNTO DE ACCESO ADICIONAL DE MATERIA--TÉRMINO DE MATERIA |
| Término de materia o nombre geográfico como elemento de entrada |
Turkish language |
| Subdivisión de forma |
Readers |
| 9 (RLIN) |
25314 |
| 650 #0 - PUNTO DE ACCESO ADICIONAL DE MATERIA--TÉRMINO DE MATERIA |
| Término de materia o nombre geográfico como elemento de entrada |
Short stories, Turkish |
| 9 (RLIN) |
25315 |
| 650 #0 - PUNTO DE ACCESO ADICIONAL DE MATERIA--TÉRMINO DE MATERIA |
| Término de materia o nombre geográfico como elemento de entrada |
Turkish language |
| Subdivisión de forma |
Textbooks for foreign speakers |
| Subdivisión general |
English |
| 9 (RLIN) |
25316 |
| 650 #0 - PUNTO DE ACCESO ADICIONAL DE MATERIA--TÉRMINO DE MATERIA |
| Término de materia o nombre geográfico como elemento de entrada |
Turkish language |
| Subdivisión de forma |
Self-instruction |
| 9 (RLIN) |
25317 |
| 650 #0 - PUNTO DE ACCESO ADICIONAL DE MATERIA--TÉRMINO DE MATERIA |
| Término de materia o nombre geográfico como elemento de entrada |
Reading comprehension |
| Subdivisión de forma |
Problems, exercises, etc. |
| 9 (RLIN) |
25107 |
| 655 #0 - TÉRMINO DE INDIZACIÓN--GÉNERO/FORMA |
| Datos o término principal de género/forma |
Short stories |
| 9 (RLIN) |
22375 |
| 655 #0 - TÉRMINO DE INDIZACIÓN--GÉNERO/FORMA |
| Datos o término principal de género/forma |
Readers (Publications) |
| 9 (RLIN) |
25108 |
| 655 #0 - TÉRMINO DE INDIZACIÓN--GÉNERO/FORMA |
| Datos o término principal de género/forma |
Self-instructional works |
| 9 (RLIN) |
25331 |
| 655 #0 - TÉRMINO DE INDIZACIÓN--GÉNERO/FORMA |
| Datos o término principal de género/forma |
Instructional and educational works |
| 9 (RLIN) |
23270 |
| 700 ## - ENTRADA AGREGADA--NOMBRE PERSONAL |
| Nombre de persona |
Moeller, Rebecca Klevberg |
| Término indicativo de función/relación |
editor |
| 9 (RLIN) |
25299 |
| 700 ## - ENTRADA AGREGADA--NOMBRE PERSONAL |
| Nombre de persona |
Abrook, H. Inci |
| Término indicativo de función/relación |
editor |
| 9 (RLIN) |
25318 |
| 942 ## - ELEMENTOS DE ENTRADA AGREGADA (KOHA) |
| Fuente del sistema de clasificación o colocación |
Clasificación de Library of Congress |